| 000 | 00446nam a2200145 4500 | ||
|---|---|---|---|
| 999 |
_c7699 _d7699 |
||
| 008 | 171109b xxu||||| |||| 00| 0 eng d | ||
| 022 | _a01181831 | ||
| 082 | _aDPer 613.05 H34 Jul-Nov 2013 | ||
| 100 |
_923169 _aAmurao, Gwen R. |
||
| 245 |
_aDecoding dermatitis/ _cGwen R. Amurao. |
||
| 260 |
_aPhilippines: _bMIMS Pte Ltd KDN, _c©2013. |
||
| 300 |
_apages 18-20: _billustrations; _c28 cm. |
||
| 650 | 0 |
_923170 _aDermatitis. |
|
| 942 |
_2ddc _cPER |
||